There Oughta Be a Show Quiz Stats

 Plays Quiz Updated Jan 9, 2018

Challenge
Share
Tweet
Embed
Score 0/15 Timer 05:00
0 Plays Today
% Correct
Fresh Prince of Bel-Air Force Academy
96.6%
Supreme Divorce Court
95.4%
New Deal or No Deal
94.9%
National Parks and Recreation
94.6%
Saved by the Liberty Bell
94.4%
Little White House on the Prairie
92.6%
Full House of Representatives
92.3%
John Quincy Adams, M. E.
92.3%
% Correct
Hey Benedict Arnold!
91.9%
The Secret Service World of Alex Mack
91.6%
Under the Capitol Dome
91.2%
Red, White, and Blue's Clues
89.9%
Capitol Hill Street Blues
88%
Thomas Jefferson the Tank Engine
87.9%
The Oval Office
87.2%

You're not logged in!

Compare scores with friends on all Sporcle quizzes.
Join for Free
OR
Log In

You Might Also Like...

Show Comments

Extras

Top Quizzes Today


Score Distribution

Your Account Isn't Verified!

In order to create a playlist on Sporcle, you need to verify the email address you used during registration. Go to your Sporcle Settings to finish the process.

Report this User

Report this user for behavior that violates our Community Guidelines.

Details: